Cluster analysis for applications

Αποθηκεύτηκε σε:
Λεπτομέρειες βιβλιογραφικής εγγραφής
Κύριος συγγραφέας: Anderberg, Michael R.
Μορφή: Βιβλίο
Γλώσσα:English
Δημοσίευση: New York : Academic Press, 1973
Σειρά:Probability and mathematical statistics
Θέματα:
Ετικέτες: Προσθήκη ετικέτας
Δεν υπάρχουν, Καταχωρήστε ετικέτα πρώτοι!

MARC

LEADER 00000pam a2200000 i 4500
001 1/87328
008 960321s1973 eng d
020 |a 0-12-057650-3 
035 |l 10006690 
040 |a GR-MY-UA  |b gre  |e aacr 
041 0 |a eng 
082 0 |a 519.53 
100 1 |a Anderberg, Michael R. 
245 1 0 |a Cluster analysis for applications /  |c Michael R. Anderberg 
260 |a New York :   |b Academic Press,   |c 1973 
300 |a xiii, 359 p.;  |b ill.;  |c 24 cm 
490 1 |a Probability and mathematical statistics 
500 |a Originally presented as the author's thesis, University of Texas at Austin, 1971 
504 |a Bibliography: p. 347-353 
650 0 0 |a Cluster analysis. 
830 0 |a Probability and mathematical statistics 
852 |a INST  |b LESVOS  |e 19960321  |h 519.53 AND  |p 005100010656  |q 005100010656  |t BK  |y 0 
909 |a Λ  |b 010034